Normal view
MARC view
Entry Nome pessoal
001 - NÚMERO DE CONTROLE
- campo de controle: 1000
003 - IDENTIFICADOR DO NÚMERO DE CONTROLE
- campo de controle: DLC
005 - DATA E HORÁRIO DA ÚLTIMA TRANSAÇÃO
- campo de controle: 20250901084022.0
008 - CAMPO DE DADOS FIXOS
- campo de controle de tamanho fixo: 050210n| azannaabn |n aaa c
010 ## - NÚMERO DE CONTROLE DA LIBRARY OF CONGRESS
- Número de controle da LC: no2005012971
035 ## - NÚMERO DE CONTROLE DO SISTEMA
- Número de Controle do Sistema: (OCoLC)oca06556789
040 ## - FONTE DA CATALOGAÇÃO
- Instituição da catalogação original: NIC
- Idioma da catalogação: eng
- Fontes convencionais de descrições de dados: rda
- Instituição que transcreveu o registro: NIC
- Instituição que modificou o registro: DLC
100 1# - CABEÇALHO--NOME PESSOAL
- Nome pessoal: Almeida, Hugo
370 ## - LUGAR ASSOCIADO
- Local de residência/sede: São Paulo (Brazil)
- Fonte do termo: naf
372 ## - CAMPO DE ATIVIDADE
- Campo de atividade: Brazilian literature
- Fonte do termo: lcsh
373 ## - GRUPO ASSOCIADO
- Grupo associado: Universidade de São Paulo
- Grupo associado: Universidade Federal de Minas Gerais
- Fonte do termo: naf
374 ## - OCUPAÇÃO
- Ocupação: Journalists
- Fonte do termo: lcsh
377 ## - IDIOMA ASSOCIADO
- Código do idioma: por
670 ## - FONTE POSITIVA DOS DADOS
- Citação da fonte positiva dos dados: Osman Lins, o sopro na argila, 2004:
- Dados encontrados na fonte localizada no subcampo: t.p. (Hugo Almeida)
670 ## - FONTE POSITIVA DOS DADOS
- Citação da fonte positiva dos dados: Feliz aniversário, Clarice, 2020:
- Dados encontrados na fonte localizada no subcampo: t.p. (Hugo Almeida [editor]) back flap (writer and journalist; b. in the state of Minas Gerais; lives in São Paulo; graduated in communication, UFMG; doctoral degree, Brazilian literature, USP)